000 01392nam a22001937a 4500
999 _c193740
_d193740
005 20221114144546.0
010 _aUR-11764
020 _a9789392496721
_c200.00
035 _aU-10319
037 _bDBAD/PUB
_a-
082 _a844
100 _aنسیم اختر
245 _aنا مو را ن عظیم آباد /
_cنسیم اختر
_hا ر د و
246 _aNamwaran-e-Azimabad /
_bby Nasim Akhtar
260 _aNew Delhi
_bEducational Publishing House
_c2021 ء
270 _aH.O. D1/16, Ansari Road, Daryaganj
_bNew Delhi
_e110002
300 _a295 ص
_c23cm(Hb)
942 _2ddc
_cUR
_h844
_mن س ی